Biggest Cities in South Africa on a Map - Statistics

General Stats
  • This quiz has been taken 449 times
  • The average score is 6 of 10
Answers on the Map
Answers color-coded by a green-red scale on the quiz's map according to % correct below.
 
Answer Stats
Population City % Correct
7,860,781 Johannesburg
100%
3,430,992 Cape Town
99%
1,763,336 Pretoria
96%
2,786,046 Durban
95%
464,591 Bloemfontein
89%
876,436 Port Elizabeth
87%
475,238 Pietermaritzburg
32%
377,922 Vereeniging
18%
605,504 Evaton
11%
728,063 Soshanguve
11%
No matching quizzes found
Score Distribution
Percent of People with Each Score
Percentile by Number Answered
Your Score History
You have not taken this quiz